|
|
|
|
| LEADER |
01311nam a22003014a 4500 |
| 001 |
7031 |
| 003 |
BD-DhAAL |
| 005 |
20200514231626.0 |
| 008 |
150524s2004 nyua bk 001 0 eng |
| 999 |
|
|
|c 34500
|d 34500
|
| 010 |
|
|
|a 2003048737
|
| 020 |
|
|
|a 0072844841 (hc. : alk. paper)
|
| 040 |
|
|
|a DLC
|c DLC
|d DLC
|d BD-DhAAL
|
| 050 |
0 |
0 |
|a MT90
|b .K34 2004
|
| 082 |
0 |
0 |
|a 780
|2 21
|
| 100 |
1 |
|
|a Kamien, Roger.
|9 11345
|
| 245 |
1 |
0 |
|a Music :
|b an appreciation /
|c Roger Kamien.
|
| 250 |
|
|
|a Eight edition
|
| 260 |
|
|
|a New York :
|b McGraw-Hill,
|c c2004.
|
| 300 |
|
|
|a xxxvii, 641 pages :
|b illustrations ;
|c 27 cm. +
|
| 500 |
|
|
|a Accompanied by: Multimedia companion version 4.5 : a clear, concise explanation of how to use the tools found on the CD-ROM (12 page ; 26 cm).
|
| 504 |
|
|
|a Includes bibliographical references (pages [633]-634), discography (pages [635]-641), and index.
|
| 538 |
|
|
|a System requirements for accompanying computer disc: Microsoft Windows 98SE or higher; or MacOS 9.1 or higher.
|
| 541 |
|
|
|e 7031
|
| 650 |
|
0 |
|a Music appreciation.
|9 11346
|
| 852 |
|
|
|a Savar Campus Library
|c General Stacks
|
| 942 |
|
|
|2 ddc
|c BK
|
| 952 |
|
|
|0 0
|1 0
|2 ddc
|4 0
|6 780_000000000000000_KAM
|7 0
|9 53850
|a SCL
|b SCL
|c GEN
|d 2015-05-24
|e Gift: The Asia Foundation
|l 2
|m 8
|o 780 KAM
|p 3020007031
|r 2025-12-07
|s 2025-11-30
|t 1
|w 2015-05-24
|y BK
|